| 000 | 00443nam a2200145Ia 4500 | ||
|---|---|---|---|
| 008 | 210210b1968 xxu||||| |||| 00| 0 eng d | ||
| 082 | _a809.88914 INDM | ||
| 100 | _aINDIAN INSTITUTE OF ADVANCED STUDY. | ||
| 245 | _aModernity & contemporary Indian literature. | ||
| 260 |
_aSimla _bIndian Institute of Advanced Study _c1968 |
||
| 300 | _aviii,443 | ||
| 650 | _aModernity Indian Literature | ||
| 690 | _aIndian Literature | ||
| 906 | _aSG03302 | ||
| 999 |
_c114068 _d114068 |
||